Skład reprezentacji Polski vs Nigeria w meczu towarzyskim 2026 - Statystyki

Ogólne statystyki
  • Ten quiz został rozwiązany 29 razy
  • Średni wynik to 10 z 11
Statystyki odpowiedzi
Numer Pozycja Zawodnik % Poprawnych
1 Bramkarz Kamil Grabara
100%
10 Pomocnik Piotr Zieliński
97%
5 Obrońca Jan Bednarek
93%
21 Pomocnik Nicola Zalewski
93%
3 Obrońca Przemysław Wiśniewski
93%
9 Napastnik Robert Lewandowski
93%
11 Napastnik Karol Świderski
90%
25 Obrońca Kacper Potulski
83%
20 Pomocnik Sebastian Szymański
76%
7 Pomocnik Jakub Kamiński
72%
6 Pomocnik Bartosz Slisz
66%
Nie znaleziono quizów pasujących do podanych kryteriów
Rozkład punktacji
Procent ludzi z każdym wynikiem
Percentyl według liczby udzielonych odpowiedzi
Twoja historia wyników
Nie rozwiązałeś tego quizu